000 01007cam a2200313 a 4500
001 12614950
003 ARRUPE
005 20161020112936.0
008 011009s1999 rh bs 001 0 eng
010 _a 2001311585
020 _a1779050976
035 _a(DLC) 2001311585
040 _aDLC
_cDLC
_dDLC
042 _alcode
043 _af-mw---
050 0 0 _aHC935.Z9
_bP6264 1999
082 0 0 _a339.4/6/096897
_221
100 1 _aMkandawire, Mjedo L.C.
_926871
245 1 0 _aPoverty, democracy, and macro economic management :
_bthe case of Malawi /
_cMjedo L.C. Mkandawire.
260 _aHarare :
_bSAPES Books,
_c1999.
300 _a162 p. ;
_c21 cm.
500 _a"SAPES Trust"--Cover p. [4].
504 _aIncludes bibliographical references (p. 154-158) and indexes.
650 0 _aPoor
_zMalawi.
_926872
710 2 _aSAPES Trust.
_923049
906 _a7
_bcbc
_corigode
_d3
_encip
_f20
_gy-gencatlg
942 _2lcc
_cMONOGRAPH
999 _c125549
_d125549